| 000 | 00918nam a2200253 a 4500 | ||
|---|---|---|---|
| 001 | 000047004 | ||
| 005 | 20201002053259.0 | ||
| 008 | 150602s2015 dr a 000 0 spa d | ||
| 020 | _a9789945595239 | ||
| 082 |
_axx _bxx |
||
| 245 | 0 | 0 |
_aLengua española : _bSegundo grado, primer ciclo educación primaria / _cproducción editorial María del Jesús de la Rosa ; ilustraciones Henry Cid ; Corrección de texto Danilda Pérez. |
| 250 | _aed. rev. y act. | ||
| 260 |
_aSanto Domingo : _bActualidad escolar 2000, _c2015. |
||
| 300 |
_av. 1 : _bil. ; _c22 cm. |
||
| 490 | _aVeraz | ||
| 505 | 0 |
_av. 2 : _tlibro del maestro. |
|
| 590 | _aInventariado, 2018/VM | ||
| 700 | 1 |
_aJesús de la Rosa, María del _eed. _929833 |
|
| 700 | 1 |
_aPérez, Danilda _ecorr. _973778 |
|
| 700 | 1 |
_aCid, Henry _eil. _9346 |
|
| 710 | 2 |
_aActualidad Escolar2000 (República Dominicana) _974868 |
|
| 830 | 0 | 0 |
_aVeraz _974848 |
| 999 |
_c46492 _d46492 |
||
| 040 | _aDO-SdBNP | ||